Možnosti využitia nových modulačných techník pri prenose optických signálov v optickom bezdrôtovom médiu

Uložené v:
Podrobná bibliografia
Hlavný autor: Merva, Nikolas (Autor)
Ďalší autori: Róka, Rastislav (Vedúci práce)
Médium: Rukopis Kniha
Jazyk:Slovak
Vydavateľské údaje: 2025
Predmet:
On-line prístup:http://is.stuba.sk/zp/portal_zp.pl?podrobnosti=184580
Tagy: Pridať tag
Žiadne tagy, Buďte prvý, kto otaguje tento záznam!

MARC

LEADER 00000ntm a22000003a 4500
001 stuzp102101
003 SK-STU
005 20250614211002.6
007 ta
008 150427s2015----xo-----f-mn---000-0-slo-d
040 |a STU  |b slo 
041 0 |a slo 
100 1 |a Merva, Nikolas  |u 037000  |4 aut  |U FEI Fakulta elektrotechniky a informatiky  |T FEI Ústav multimediálnych informačných a komunikačných technológií  |X 111376  |U E070  |Y 818  |7 111376 
242 0 1 |a Possibilities for Utilization of New Modulation Techniques at the Transmission of Optical Signals in the Optical Wireless Medium  |y eng 
245 1 0 |a Možnosti využitia nových modulačných techník pri prenose optických signálov v optickom bezdrôtovom médiu 
260 |c 2025 
650 4 |a BER  |2 eng 
650 4 |a FSO  |2 eng 
650 4 |a Matlab Simulink  |2 eng 
650 4 |a ACO-UFMC  |2 eng 
650 4 |a FBMC  |2 eng 
650 4 |a ACO-FBMC  |2 eng 
650 4 |a UFMC  |2 eng 
650 4 |a BER  |2 slo 
650 4 |a FSO  |2 slo 
650 4 |a Matlab Simulink  |2 slo 
650 4 |a ACO-UFMC  |2 slo 
650 4 |a ACO-FBMC  |2 slo 
650 4 |a UMFC  |2 slo 
650 4 |a FBMC  |2 slo 
700 1 |a Róka, Rastislav  |u 037000  |k Z1  |4 ths  |U FEI Fakulta elektrotechniky a informatiky  |T FEI Ústav multimediálnych informačných a komunikačných technológií  |X 1946  |U E070  |Y 818  |7 A000001946 
856 4 |u http://is.stuba.sk/zp/portal_zp.pl?podrobnosti=184580